00609nam a2200205Ia 450000500170000000800410001702000290005804000190008704100120010608200180011810000190013624500460015525000410020126000430024230000090028550400190029465000310031365100490034485000100039320240122094051.0140110s9999 xx 000 0 und d a9788121211413cRs.930.00 aLoreto College aEnglish a327.1(I)bRED aReddy,Y.Yagama aIndia-China Relations, cY.Yagama Reddy aChanging profile in the 21st century aNew DelhibGyan Publishing Housec2012 a313p aIncludes index aIndia-Foreign policy-China aIndia-International relations-Southeast Asia aLCLIB